000 01186nam a2200241Ia 4500
008 0000002007 sp aD 0000000000mul00
020 _a9788448245504
090 _aPSP00 D24w
100 1 _aDe la Calle, Román
245 1 0 _aWences Rambla
_b: un itinerari plástic per la senda de l ́abstracció = un itinerario plástico por la senda de la abstracción
_c/ textos Román de la Calle, Pascual Patuel ; fotografías Mateo Gamón, Wences Rambla
300 _a219 p.
_c/ 26 cm.
500 _aExposición realizada en el Museo de Bellas Artes de Castellón, España entre febrero y abril de 2007 \ Incluye datos biográficos y cronología artística \ Incluye un CDROM, consultarlo en: FAL11 E76p \ Texto en español, catalán, valenciano e inglés \ Donación Carlos Jiménez, 2011
600 0 0 _a RAMBLA ZARAGOZA, WENCES, 1948/
_xTRABAJOS PICTORICOS
650 1 4 _a PINTURA ESPAÑOLA
650 1 4 _aARTE ABSTRACTO ESPAÑOL
650 1 4 _xCATALOGOS
650 1 4 _xEXPOSICIONES
650 1 4 _aPINTURA ABSTRACTA ESPAÑOLA
650 1 4 _aPINTURA ESPAÑOLA
650 1 4 _aSIGLO XX
700 1 _aPatuel, Pascual
999 _c13623
_d13623
260 _aValencia : Generalitat Valenciana
_c2007